000 00706nam a2200277Ia 4500
008 160321s9999||||xx |||||||||||||| ||und||
040 _cMarathi
082 _aXI.A/Sawalaparkar
082 _bBORI-49495
100 _aK. Badrinath Tuldhariya
245 _aDaishik Shastra
260 _aMumbai
260 _bBhartiya Vichar And Sadhana
300 _a128+15
300 _cC
300 _eHardbound
530 _u00012941.pdf
563 _aStudy
600 _aK. Badrinath Tuldhariya
630 _aDaishik Shastra
650 _a"Politics,History and Historiography"
650 _aGeneral Indology
700 _aK. Badrinath Tuldhariya
730 _aDaishik Shastra
942 _cBOOK
999 _c1363497
_d1363494